00566nam a2200157Ia 4500003000400000005001700004008004100021040001800062041000800080082001500088100004100103245018200144260002200326600003000348650003000378OSt20260331090025.0211028s2010 xx 000 0 und d cAIMIT LIBRARY aeng a658.3 MART aMarshneil, Tina;Dhananjay K.g816053 aCreating awareness and identifying the potential donors who are willing to meet the inadequacy of funds of akshaya patra, Mangalore for the distribution of mid-day meal scheme / bDhananjay Kc2010 aHuman Resource Management aHuman Resource Management